Normal view MARC view
  • Jalil, Zunaira

Entry Personal Name

Number of records used in: 1

001 - CONTROL NUMBER

  • control field: 18881

003 - CONTROL NUMBER IDENTIFIER

  • control field: NUST

005 - DATE AND TIME OF LATEST TRANSACTION

  • control field: 20190730093351.0

008 - FIXED-LENGTH DATA ELEMENTS

  • fixed length control field: 190730|| aca||aabn | a|a d

040 ## - CATALOGING SOURCE

  • Original cataloging agency: NUST
  • Transcribing agency: NUST

100 ## - HEADING--PERSONAL NAME

  • Personal name: Jalil, Zunaira

670 ## - SOURCE DATA FOUND

  • Source citation: Work cat.: (NUST): Jalil, Zunaira, Behavioral Issues and Investor's Decision Marking:, 2018.
© 2023 Central Library, National University of Sciences and Technology. All Rights Reserved.